Places without a military - Statistics

General Stats
  • This quiz has been taken 49 times
  • The average score is 6 of 15
Answer Stats
Continent Country % Correct
Europe Andorra
90%
Europe Liechtenstein
77%
Central America Costa Rica
71%
North America Grenada
71%
Oceania Marshall Islands
71%
North America Dominica
68%
Europe Iceland
61%
Oceania Kiribati
61%
Oceania Cook Islands
6%
North America Greenland
6%
North America Aruba
3%
North America Cayman Islands
3%
Oceania French Polynesia
3%
North America Curacao
0%
Europe Faroe Islands
0%
No matching quizzes found
Score Distribution
Percent of People with Each Score
Percentile by Number Answered
Your Score History
You have not taken this quiz